000 00301nam a2200121Ia 4500
008 220901s9999||||xx |||||||||||||| ||und||
082 _a505 BAL
100 _aBalaram, P.
245 0 _aCurrent science
250 _aVol. 94 Issue 11 & 12
260 _bIndian Academy Science
_c2008
650 _aPhysics
999 _c193923
_d193923